[Event "HUN-chT2 Breyer 1819"]
[Site "Hungary"]
[Date "2019.03.31"]
[Round "8.5"]
[White "Torday, Balazs"]
[Black "Akots, Gabor"]
[Result "1/2-1/2"]
[WhiteElo "2179"]
[BlackElo "2252"]
[PlyCount "34"]
[EventDate "2018.10.28"]
[EventType "team-tourn"]
[EventRounds "9"]
[EventCountry "HUN"]
[SourceTitle "EXT 2021"]
[Source "ChessBase"]
[SourceDate "2020.10.23"]
[SourceVersion "1"]
[SourceVersionDate "2020.10.23"]
[SourceQuality "1"]
[WhiteTeam "Torokbalint"]
[BlackTeam "Naszaly Geniusz Tata"]
[WhiteTeamCountry "HUN"]
[BlackTeamCountry "HUN"]

1. c4 Nf6 2. d4 g6 3. Nf3 Bg7 4. g3 d6 5. Nc3 0-0 6. Bg2 Nc6 7. 0-0 Bg4 8. h3 Bxf3 9. Bxf3 Nd7 10. e3 e5 11. d5 Ne7 12. e4 a5 13. Be2 f5 14. f3 Kh8 15. Rb1 Ng8 16. Qc2 Nc5 17. a3 Bh6 1/2-1/2

[Event "HUN-chT2 Breyer 1718"]
[Site "Hungary"]
[Date "2017.09.24"]
[Round "1.3"]
[White "Torday, Balazs"]
[Black "Mervo, Jozsef"]
[Result "1/2-1/2"]
[WhiteElo "2171"]
[BlackElo "2053"]
[PlyCount "50"]
[EventDate "2017.09.24"]
[EventType "team-tourn"]
[EventRounds "11"]
[EventCountry "HUN"]
[SourceTitle "EXT 2021"]
[Source "ChessBase"]
[SourceDate "2020.10.23"]
[SourceVersion "1"]
[SourceVersionDate "2020.10.23"]
[SourceQuality "1"]
[WhiteTeam "Torokbalint"]
[BlackTeam "Paty"]
[WhiteTeamCountry "HUN"]
[BlackTeamCountry "HUN"]

1. d4 Nf6 2. Nf3 g6 3. g3 Bg7 4. Bg2 0-0 5. 0-0 d6 6. c4 Nc6 7. Nc3 Na5 8. Nd2 c5 9. d5 a6 10. Qc2 Bf5 11. e4 Bd7 12. a4 Qc7 13. Re1 e5 14. Ne2 Ng4 15. h3 Nh6 16. f4 b6 17. Nf3 Rae8 18. Bd2 f5 19. Ng5 Qc8 20. Kh2 Nf7 21. Nxf7 Rxf7 22. h4 fxe4 23. Bxe4 Bf5 24. Ng1 Rfe7 25. Bxf5 gxf5 1/2-1/2

[Event "HUN-chT2 Breyer 1516"]
[Site "Hungary"]
[Date "2015.09.13"]
[Round "1.4"]
[White "Torok, Adam"]
[Black "Torday, Balazs"]
[Result "1/2-1/2"]
[WhiteElo "2081"]
[BlackElo "2170"]
[PlyCount "147"]
[EventDate "2015.09.13"]
[EventType "team-tourn"]
[EventRounds "11"]
[EventCountry "HUN"]
[SourceTitle "CBM 170 Extra"]
[Source "ChessBase"]
[SourceDate "2016.02.25"]
[SourceVersion "1"]
[SourceVersionDate "2016.02.25"]
[SourceQuality "1"]
[WhiteTeam "Vizugy"]
[BlackTeam "TTC Sakk"]
[WhiteTeamCountry "HUN"]
[BlackTeamCountry "HUN"]

1. c4 e6 2. b3 Nf6 3. Nf3 b6 4. Bb2 Bb7 5. e3 c5 6. Be2 d5 7. 0-0 Nc6 8. d4 Be7 9. Nbd2 cxd4 10. exd4 0-0 11. Rc1 Rc8 12. Bd3 Qd6 13. cxd5 Nxd5 14. g3 Rfd8 15. Ne4 Qb8 16. Re1 h6 17. Qe2 Qa8 18. a3 Nf6 19. Nxf6+ Bxf6 20. Rcd1 Nb4 21. Be4 Rc2 22. Bxc2 Bxf3 23. Be4 Bxe2 24. Bxa8 Bxd1 25. Rxd1 Nc2 26. Be4 Nxd4 27. Bxd4 Bxd4 28. Kf1 Kf8 29. Rc1 Rd7 30. Rc2 Ke7 31. Bc6 Rd6 32. Bb5 Kd8 33. Bc4 Ke7 34. Bb5 Kd8 35. Bc4 Be5 36. Ke2 Ke7 37. a4 a5 38. Rd2 Bd4 39. Kf3 f5 40. Rd1 Kf6 41. Rd2 g5 42. g4 fxg4+ 43. Kxg4 e5 44. Kf3 Ke7 45. Re2 Rf6+ 46. Kg2 Kd6 47. f3 Kc5 48. Re4 Kb4 49. h4 gxh4 50. Rxh4 Be3 51. Bd3+ Bf4 52. Kf2 Rd6 53. Bc4 Rd2+ 54. Ke1 Rb2 55. Rg4 Rxb3 56. Bxb3 Kxb3 57. Rg6 Be3 58. Ke2 Bd4 59. Kd3 Bf2 60. Re6 Bg3 61. Rxb6+ Kxa4 62. Rxh6 Kb5 63. Rg6 Bf4 64. Rg1 a4 65. Rb1+ Kc5 66. Kc3 Be3 67. Kd3 Bd4 68. Rb8 a3 69. Rc8+ Kd5 70. Ra8 Bb2 71. Ra5+ Kc6 72. Ke4 Kb6 73. Rxa3 Bxa3 74. Kxe5 1/2-1/2

[Event "HUN-chT2 Breyer 1415"]
[Site "Hungary"]
[Date "2015.03.22"]
[Round "?"]
[White "Molnar, Gabor"]
[Black "Torday, Balazs"]
[Result "1/2-1/2"]
[WhiteElo "1955"]
[BlackElo "2140"]
[PlyCount "91"]
[EventDate "2014.09.07"]
[EventType "team-tourn"]
[EventRounds "11"]
[EventCountry "HUN"]
[SourceTitle "EXT 2016"]
[Source "ChessBase"]
[SourceDate "2015.10.08"]
[SourceVersion "1"]
[SourceVersionDate "2015.10.08"]
[SourceQuality "1"]
[WhiteTeam "Szechenyi"]
[BlackTeam "Torokbalint"]
[WhiteTeamCountry "HUN"]
[BlackTeamCountry "HUN"]

1. d4 Nf6 2. Nf3 d5 3. c4 e6 4. Nc3 Be7 5. Bg5 c6 6. e3 Nbd7 7. Bd3 0-0 8. 0-0 dxc4 9. Bxc4 Nd5 10. Bxe7 Qxe7 11. e4 Nxc3 12. bxc3 b5 13. Bd3 a6 14. Qc2 e5 15. Rad1 Bb7 16. Nxe5 Nxe5 17. dxe5 Qxe5 18. f4 Qe7 19. Rde1 c5 20. e5 g6 21. f5 c4 22. Be4 Rae8 23. Bxb7 Qxb7 24. Qd2 f6 25. fxg6 Qa7+ 26. Kh1 Rd8 27. gxh7+ Qxh7 28. Qe2 fxe5 29. Qxe5 Qg7 30. Qe6+ Kh8 31. Qxa6 Qxc3 32. Qxb5 Qd3 33. Qh5+ Kg8 34. Qg5+ Kh8 35. Qe5+ Kg8 36. Rxf8+ Rxf8 37. h4 Rf1+ 38. Rxf1 Qxf1+ 39. Kh2 Qd3 40. h5 Kh7 41. g4 c3 42. Qe7+ Kh6 43. Qf6+ Kh7 44. Qf7+ Kh6 45. Qf6+ Kh7 46. Qf7+ 1/2-1/2

[Event "HUN-chT2 Breyer 1415"]
[Site "Hungary"]
[Date "2015.03.01"]
[Round "9.4"]
[White "Centgraf, Jozsef"]
[Black "Torday, Balazs"]
[Result "1/2-1/2"]
[WhiteElo "2158"]
[BlackElo "2140"]
[PlyCount "49"]
[EventDate "2014.09.07"]
[EventType "team-tourn"]
[EventRounds "11"]
[EventCountry "HUN"]
[SourceTitle "EXT 2016"]
[Source "ChessBase"]
[SourceDate "2015.10.08"]
[SourceVersion "1"]
[SourceVersionDate "2015.10.08"]
[SourceQuality "1"]
[WhiteTeam "Sarkany DSE"]
[BlackTeam "Torokbalint"]
[WhiteTeamCountry "HUN"]
[BlackTeamCountry "HUN"]

1. e4 c5 2. Nf3 e6 3. d4 cxd4 4. Nxd4 a6 5. Nc3 Qc7 6. g3 Bb4 7. Nde2 Nf6 8. Bg2 Be7 9. 0-0 Nc6 10. h3 d6 11. g4 b5 12. Ng3 Bb7 13. a4 b4 14. Nce2 d5 15. exd5 Nxd5 16. Bxd5 exd5 17. Bf4 Qd7 18. Nd4 g6 19. Nxc6 Bxc6 20. Qd4 f6 21. Rfe1 0-0 22. a5 Rac8 23. Bh6 Rf7 24. Rad1 Bb7 25. Rd2 1/2-1/2

[Event "HUN-chT2 Breyer 1415"]
[Site "Hungary"]
[Date "2014.09.07"]
[Round "?"]
[White "Csuta, Akos Koppany"]
[Black "Torday, Balazs"]
[Result "0-1"]
[WhiteElo "2042"]
[BlackElo "2140"]
[PlyCount "68"]
[EventDate "2014.09.07"]
[EventType "team-tourn"]
[EventRounds "11"]
[EventCountry "HUN"]
[SourceTitle "EXT 2016"]
[Source "ChessBase"]
[SourceDate "2015.10.08"]
[SourceVersion "1"]
[SourceVersionDate "2015.10.08"]
[SourceQuality "1"]
[WhiteTeam "Gyor UDSE"]
[BlackTeam "Torokbalint"]
[WhiteTeamCountry "HUN"]
[BlackTeamCountry "HUN"]

1. e4 c5 2. Nf3 e6 3. d4 cxd4 4. Nxd4 a6 5. Bc4 Nc6 6. 0-0 Qc7 7. Nxc6 dxc6 8. Qd4 e5 9. Qd3 Nf6 10. Be3 b5 11. Bb3 Bb7 12. c4 b4 13. c5 a5 14. a3 a4 15. Bc4 b3 16. Nc3 Qa5 17. Rfd1 Be7 18. Rac1 0-0 19. Qd2 Bc8 20. Bg5 Bg4 21. Bxf6 Bxf6 22. Ne2 Qxd2 23. Rxd2 Bg5 24. Rcd1 Bxd2 25. Rxd2 Bxe2 26. Rxe2 Ra5 27. Rd2 Rxc5 28. Bd3 Rc1+ 29. Bf1 Rc2 30. Rd6 Rxb2 31. Rxc6 Ra2 32. f3 Rxa3 33. Rc5 Rb8 34. Bd3 b2 0-1

[Event "HUN-chT2 Breyer 1314"]
[Site "Hungary"]
[Date "2014.03.23"]
[Round "7"]
[White "Torday, Balazs"]
[Black "Toth, Gyula1111"]
[Result "1-0"]
[WhiteElo "2163"]
[BlackElo "2080"]
[PlyCount "118"]
[EventDate "2013.09.08"]
[EventType "team-tourn"]
[EventRounds "9"]
[EventCountry "HUN"]
[SourceTitle "EXT 2016"]
[Source "ChessBase"]
[SourceDate "2015.10.08"]
[SourceVersion "1"]
[SourceVersionDate "2015.10.08"]
[SourceQuality "1"]
[WhiteTeam "Torokbalint"]
[BlackTeam "Zoltek"]
[WhiteTeamCountry "HUN"]
[BlackTeamCountry "HUN"]

1. d4 d5 2. c4 c6 3. e3 Nf6 4. Nf3 e6 5. Nbd2 Nbd7 6. Bd3 Bd6 7. 0-0 0-0 8. e4 e5 9. cxd5 cxd5 10. exd5 exd4 11. Ne4 Nxe4 12. Bxe4 f5 13. Bc2 Nf6 14. Qxd4 Kh8 15. Bg5 Bd7 16. Rac1 Qa5 17. Rfd1 Rae8 18. Bd2 Qd8 19. Qxa7 b6 20. Qa6 Ne4 21. Be3 Nc5 22. Bxc5 Bxc5 23. Bd3 Qf6 24. Rc2 h6 25. Qc4 Rc8 26. Qf4 g5 27. Qe5 Kg7 28. Re1 Bd6 29. Qxf6+ Kxf6 30. Nd4 Bb4 31. Ree2 Rxc2 32. Nxc2 Rc8 33. h3 Bd6 34. Rd2 Rc5 35. Be2 Bf4 36. Ne3 Bxe3 37. fxe3 Ke5 38. Bf3 g4 39. hxg4 fxg4 40. Be2 Rxd5 41. Rxd5+ Kxd5 42. Kf2 Ke4 43. g3 Be8 44. Bxg4 Bf7 45. b3 Kd3 46. Bd7 Kc3 47. Kf3 Kb2 48. e4 Kxa2 49. e5 Kxb3 50. e6 Bg6 51. Kg4 Kc4 52. e7 Kd5 53. e8Q Bxe8 54. Bxe8 Ke4 55. Kh5 Kf5 56. g4+ Kf4 57. Bd7 Ke5 58. Kxh6 Kf6 59. g5+ Kf7 1-0

[Event "HUN-chT2 Breyer 1314"]
[Site "Hungary"]
[Date "2014.02.16"]
[Round "5"]
[White "Kende, Gyorgy"]
[Black "Torday, Balazs"]
[Result "1-0"]
[WhiteElo "2161"]
[BlackElo "2163"]
[PlyCount "55"]
[EventDate "2013.09.08"]
[EventType "team-tourn"]
[EventRounds "9"]
[EventCountry "HUN"]
[SourceTitle "EXT 2016"]
[Source "ChessBase"]
[SourceDate "2015.10.08"]
[SourceVersion "1"]
[SourceVersionDate "2015.10.08"]
[SourceQuality "1"]
[WhiteTeam "Biatorbagy"]
[BlackTeam "Torokbalint"]
[WhiteTeamCountry "HUN"]
[BlackTeamCountry "HUN"]

1. e4 c5 2. Nf3 e6 3. d3 Nc6 4. g3 g6 5. Bg2 Bg7 6. 0-0 Nge7 7. Nbd2 0-0 8. Re1 d6 9. c3 b6 10. Nc4 b5 11. Ne3 Bb7 12. h4 Qb6 13. h5 d5 14. hxg6 hxg6 15. Ng5 dxe4 16. Bxe4 Ne5 17. Ng4 Nxg4 18. Qxg4 Nd5 19. Qh4 Rfe8 20. Qh7+ Kf8 21. Nxf7 Kxf7 22. Bh6 Rg8 23. Qxg6+ Kf8 24. c4 Ne7 25. Qf6+ Ke8 26. Bxg7 Bxe4 27. Rxe4 Kd7 28. Rae1 1-0

[Event "HUN-chT2 Breyer 1213"]
[Site "Hungary"]
[Date "2012.12.02"]
[Round "5.3"]
[White "Torday, Balazs"]
[Black "Farkas, Gyula"]
[Result "1-0"]
[WhiteElo "2143"]
[BlackElo "2186"]
[PlyCount "69"]
[EventDate "2012.09.16"]
[EventType "team-tourn"]
[EventRounds "11"]
[EventCountry "HUN"]
[SourceTitle "EXT 2014"]
[Source "ChessBase"]
[SourceDate "2013.11.20"]
[SourceVersion "1"]
[SourceVersionDate "2013.11.20"]
[SourceQuality "1"]
[WhiteTeam "Torokbalint"]
[BlackTeam "Kisber Aszar"]
[WhiteTeamCountry "HUN"]
[BlackTeamCountry "HUN"]

1. d4 d5 2. c4 c6 3. e3 Nf6 4. Nf3 Nbd7 5. Nbd2 e6 6. Bd3 Bd6 7. 0-0 0-0 8. e4 dxe4 9. Nxe4 Nxe4 10. Bxe4 f5 11. Bc2 e5 12. Ng5 Nf6 13. dxe5 Bxe5 14. Nf3 Bd6 15. Re1 Qc7 16. b3 Rd8 17. Bd2 Bd7 18. Qb1 g6 19. Qb2 Rf8 20. Bc3 Nh5 21. c5 Bf4 22. b4 Be8 23. g3 Bf7 24. Bb3 Bh6 25. Be5 Bg7 26. Ng5 Bxe5 27. Rxe5 Bxb3 28. Qxb3+ Kh8 29. Rae1 Qd7 30. Re7 Qd5 31. Rxh7+ Kg8 32. Qc3 Nf6 33. Ree7 Qd1+ 34. Kg2 Qd5+ 35. Kh3 1-0

[Event "HUN-chT2 Breyer 1213"]
[Site "Hungary"]
[Date "2012.11.04"]
[Round "3.3"]
[White "Torday, Balazs"]
[Black "Varga, Vilmos"]
[Result "1-0"]
[WhiteElo "2143"]
[BlackElo "2140"]
[PlyCount "102"]
[EventDate "2012.09.16"]
[EventType "team-tourn"]
[EventRounds "11"]
[EventCountry "HUN"]
[SourceTitle "EXT 2014"]
[Source "ChessBase"]
[SourceDate "2013.11.20"]
[SourceVersion "1"]
[SourceVersionDate "2013.11.20"]
[SourceQuality "1"]
[WhiteTeam "Torokbalint"]
[BlackTeam "Zsambek"]
[WhiteTeamCountry "HUN"]
[BlackTeamCountry "HUN"]

1. d4 Nf6 2. c4 g6 3. g3 Bg7 4. Bg2 0-0 5. Nc3 d6 6. Nf3 Nbd7 7. 0-0 e5 8. Qc2 Re8 9. Rd1 c6 10. b3 exd4 11. Nxd4 Nc5 12. Bb2 Qb6 13. e3 a5 14. h3 Bd7 15. Rd2 Rad8 16. Rad1 h5 17. Ba3 Qc7 18. Re2 Bc8 19. e4 Nfd7 20. Kh1 Nb6 21. f4 Na6 22. Qd3 Nb4 23. Qf3 Nd7 24. Bb2 Na6 25. Qf2 Nac5 26. Red2 Nf6 27. Re2 Nfd7 28. Ba3 Qb6 29. Red2 Qc7 30. Nde2 Bf8 31. Bb2 Qb6 32. Qf3 Qc7 33. Qf2 Qb6 34. Qf3 Qc7 35. Kh2 Ne6 36. Na4 b5 37. cxb5 cxb5 38. Nac3 Qb8 39. Nd5 Bb7 40. g4 hxg4 41. hxg4 Bxd5 42. Rxd5 Nec5 43. Ng3 b4 44. g5 Bg7 45. Bxg7 Kxg7 46. Rxd6 Qc8 47. Qg4 Ne6 48. f5 Ne5 49. f6+ Kh7 50. Qh4+ Kg8 51. Rxd8 Nxd8 1-0

[Event "HUN-chT2 Breyer 1213"]
[Site "Hungary"]
[Date "2012.10.07"]
[Round "2.4"]
[White "Torday, Balazs"]
[Black "Csoli, Odon"]
[Result "0-1"]
[WhiteElo "2143"]
[BlackElo "2146"]
[PlyCount "80"]
[EventDate "2012.09.16"]
[EventType "team-tourn"]
[EventRounds "11"]
[EventCountry "HUN"]
[SourceTitle "EXT 2014"]
[Source "ChessBase"]
[SourceDate "2013.11.20"]
[SourceVersion "1"]
[SourceVersionDate "2013.11.20"]
[SourceQuality "1"]
[WhiteTeam "Torokbalint"]
[BlackTeam "Szazhalombatta"]
[WhiteTeamCountry "HUN"]
[BlackTeamCountry "HUN"]

1. d4 Nf6 2. c4 g6 3. g3 Bg7 4. Bg2 c6 5. Nf3 d5 6. Qb3 dxc4 7. Qxc4 Be6 8. Qa4 Nbd7 9. Ng5 Bd5 10. e4 Nb6 11. Qc2 Bc4 12. Nf3 0-0 13. b3 Ba6 14. Bb2 c5 15. dxc5 Rc8 16. Bf1 Nxe4 17. Bxa6 Bxb2 18. Qxb2 bxa6 19. cxb6 Qd3 20. Ne5 Nxf2 21. Nxd3 Nxd3+ 22. Kd2 Nxb2 23. Nc3 Rfd8+ 24. Kc2 Nd3 25. bxa7 Nb4+ 26. Kb2 Rd2+ 27. Ka3 Nc2+ 28. Ka4 Nxa1 29. Rxa1 Rd7 30. Rc1 Rxa7 31. Ne2 Rxc1 32. Nxc1 Rd7 33. b4 e5 34. Ka5 Rd6 35. a4 Kf8 36. Ne2 Ke8 37. b5 axb5 38. axb5 Kd7 39. Nc3 Rd4 40. Ne2 Rd2 0-1

[Event "HUN-chT2 Breyer 1112"]
[Site "Hungary"]
[Date "2012.03.25"]
[Round "8.4"]
[White "Simon, Laszlo"]
[Black "Torday, Balazs"]
[Result "1/2-1/2"]
[WhiteElo "2117"]
[BlackElo "2099"]
[PlyCount "81"]
[EventDate "2011.09.25"]
[EventType "team-tourn"]
[EventRounds "11"]
[EventCountry "HUN"]
[SourceTitle "EXT 2013"]
[Source "ChessBase"]
[SourceDate "2012.11.22"]
[SourceVersion "1"]
[SourceVersionDate "2012.11.22"]
[SourceQuality "1"]
[WhiteTeam "Husi"]
[BlackTeam "Torokbalint"]
[WhiteTeamCountry "HUN"]
[BlackTeamCountry "HUN"]

1. e4 c5 2. Nf3 e6 3. d4 cxd4 4. Nxd4 a6 5. Bd3 Nf6 6. 0-0 Qc7 7. c4 Nc6 8. Nxc6 dxc6 9. Be3 e5 10. h3 Nd7 11. Nc3 Bc5 12. Qe2 0-0 13. Kh1 b6 14. Bd2 Bd4 15. Rab1 Nc5 16. Bc2 Ne6 17. Qh5 Rd8 18. Rbd1 b5 19. cxb5 axb5 20. b4 Qe7 21. Ne2 Rxa2 22. Bb1 Ra3 23. f4 g6 24. Qh6 exf4 25. Nxd4 Rxd4 26. Bc1 Rxd1 27. Rxd1 Ra7 28. Bb2 Rd7 29. Rxd7 Qxd7 30. Ba2 Qd1+ 31. Kh2 Qc2 32. Bxe6 Qxb2 33. Bxc8 f3 34. Qg5 f2 35. Qf4 Qe2 36. Be6 fxe6 37. Qb8+ Kf7 38. Qc7+ Kf6 39. Qf4+ Ke7 40. Qc7+ Kf6 41. Qf4+ 1/2-1/2

[Event "HUN-chT2 Breyer 1112"]
[Site "Hungary"]
[Date "2012.02.19"]
[Round "6.4"]
[White "Papista, Akos"]
[Black "Torday, Balazs"]
[Result "0-1"]
[WhiteElo "2161"]
[BlackElo "2099"]
[PlyCount "96"]
[EventDate "2011.09.25"]
[EventType "team-tourn"]
[EventRounds "11"]
[EventCountry "HUN"]
[SourceTitle "EXT 2013"]
[Source "ChessBase"]
[SourceDate "2012.11.22"]
[SourceVersion "1"]
[SourceVersionDate "2012.11.22"]
[SourceQuality "1"]
[WhiteTeam "Biatorbagy"]
[BlackTeam "Torokbalint"]
[WhiteTeamCountry "HUN"]
[BlackTeamCountry "HUN"]

1. e4 c5 2. Nf3 e6 3. d4 cxd4 4. Nxd4 a6 5. Nc3 Qc7 6. Be2 b5 7. 0-0 Bb7 8. a3 Nf6 9. Bf3 d6 10. Re1 Nbd7 11. g3 Be7 12. Qe2 0-0 13. Bf4 Rac8 14. Rad1 Ne5 15. Bg2 Nfd7 16. Bc1 Nc4 17. Nb1 Bf6 18. c3 Rfd8 19. f4 g6 20. Kh1 Nc5 21. Nd2 Nb6 22. N2b3 e5 23. Nxc5 Qxc5 24. Nb3 Qc7 25. Rd3 Re8 26. fxe5 Bxe5 27. Qd1 Nc4 28. Nd4 Qe7 29. b3 Nb6 30. Bd2 Qf6 31. Qg4 Qg7 32. Be3 h5 33. Qd1 Nd7 34. Ne2 Nf6 35. Bg5 Nxe4 36. Be3 Nxc3 37. Nxc3 Bxg2+ 38. Kxg2 Rxc3 39. Bd4 Rxd3 40. Qxd3 Re6 41. Bf2 Qf8 42. Qd5 Qc8 43. Re2 Re7 44. Kg1 Rc7 45. Bd4 Rc1+ 46. Kf2 Qf5+ 47. Ke3 Bf4+ 48. Kf2 Be3+ 0-1

[Event "HUN-chT2 Breyer 1112"]
[Site "Hungary"]
[Date "2012.01.29"]
[Round "5.4"]
[White "Torday, Balazs"]
[Black "Balog, Tamas"]
[Result "1-0"]
[WhiteElo "2099"]
[BlackElo "2106"]
[PlyCount "29"]
[EventDate "2011.09.25"]
[EventType "team-tourn"]
[EventRounds "11"]
[EventCountry "HUN"]
[SourceTitle "EXT 2013"]
[Source "ChessBase"]
[SourceDate "2012.11.22"]
[SourceVersion "1"]
[SourceVersionDate "2012.11.22"]
[SourceQuality "1"]
[WhiteTeam "Torokbalint"]
[BlackTeam "Zsambek"]
[WhiteTeamCountry "HUN"]
[BlackTeamCountry "HUN"]

1. d4 d5 2. c4 e6 3. Nf3 c5 4. cxd5 exd5 5. Bg5 Qb6 6. Nc3 cxd4 7. Qxd4 Qxd4 8. Nxd4 Be6 9. e4 dxe4 10. Bb5+ Bd7 11. Nd5 Bd6 12. Rc1 f6 13. Rc8+ Kf7 14. Bxd7 Nxd7 15. Rxa8 1-0

[Event "HUN-chT2 Breyer 1112"]
[Site "Hungary"]
[Date "2011.10.30"]
[Round "2.4"]
[White "Szilvasi, Tibor"]
[Black "Torday, Balazs"]
[Result "1/2-1/2"]
[WhiteElo "2119"]
[BlackElo "2099"]
[PlyCount "111"]
[EventDate "2011.09.25"]
[EventType "team-tourn"]
[EventRounds "11"]
[EventCountry "HUN"]
[SourceTitle "EXT 2013"]
[Source "ChessBase"]
[SourceDate "2012.11.22"]
[SourceVersion "1"]
[SourceVersionDate "2012.11.22"]
[SourceQuality "1"]
[WhiteTeam "BEAC II"]
[BlackTeam "Torokbalint"]
[WhiteTeamCountry "HUN"]
[BlackTeamCountry "HUN"]

1. e4 c5 2. Nf3 e6 3. d4 cxd4 4. Nxd4 a6 5. Bd3 Nc6 6. Be3 Nf6 7. Nc3 Qc7 8. 0-0 Be7 9. Nb3 b5 10. f4 d6 11. Qf3 Bb7 12. Qg3 h5 13. Kh1 Nb4 14. Rac1 d5 15. e5 h4 16. Qh3 Nd7 17. f5 Nxe5 18. fxe6 fxe6 19. Bf4 Bc8 20. Bg6+ Kd8 21. Nd4 Bf6 22. Nxe6+ Bxe6 23. Qxe6 Qe7 24. Qb6+ Qc7 25. Qxc7+ Kxc7 26. a3 d4 27. Nxb5+ axb5 28. axb4 Kb6 29. Bxe5 Bxe5 30. Rf5 Bf6 31. Rd5 Rhd8 32. Rxd8 Rxd8 33. b3 Be7 34. Rf1 Bxb4 35. Rf7 Bc3 36. Bd3 Rg8 37. Rf5 b4 38. Rg5 Re8 39. Kg1 Re7 40. Kf2 Rf7+ 41. Ke2 Re7+ 42. Kf3 Kc6 43. Kg4 Be1 44. Kh5 Kd6 45. Bc4 Re5 46. Rxe5 Kxe5 47. Kg6 Bf2 48. Kxg7 Bg1 49. g3 h3 50. Bf1 Bxh2 51. g4 Kf4 52. Bxh3 Kg5 53. Kf7 Bf4 54. Ke6 Bd2 55. Ke5 Bc3 56. Ke4 1/2-1/2

[Event "HUN-chT2 Breyer 1011"]
[Site "Hungary"]
[Date "2011.05.15"]
[Round "11.11"]
[White "Javor, Tamas"]
[Black "Torday, Balazs"]
[Result "0-1"]
[WhiteElo "1942"]
[BlackElo "2045"]
[PlyCount "82"]
[EventDate "2010.09.12"]
[EventType "team-tourn"]
[EventRounds "11"]
[EventCountry "HUN"]
[SourceTitle "EXT 2012"]
[Source "ChessBase"]
[SourceDate "2011.11.24"]
[SourceVersion "1"]
[SourceVersionDate "2011.11.24"]
[SourceQuality "1"]
[WhiteTeam "Geniusz Tata"]
[BlackTeam "Torokbalint"]
[WhiteTeamCountry "HUN"]
[BlackTeamCountry "HUN"]

1. d4 Nf6 2. c4 e6 3. Nf3 b6 4. Nc3 Bb7 5. Bg5 Be7 6. e3 0-0 7. Be2 d5 8. 0-0 Nbd7 9. Rc1 c5 10. cxd5 Nxd5 11. Bxe7 Qxe7 12. a3 Rac8 13. dxc5 Nxc5 14. b4 Nxc3 15. Rxc3 Ne4 16. Rxc8 Rxc8 17. Qa1 Nc3 18. Qb2 Qf6 19. Nd4 e5 20. Nf3 h6 21. Re1 Qf5 22. Kf1 Nxe2 23. Qxe2 Rc2 24. Qd1 Bxf3 25. gxf3 Qh3+ 26. Kg1 Rc6 27. Kh1 Rf6 28. Rg1 Qxf3+ 29. Qxf3 Rxf3 30. Kg2 Rf6 31. Rc1 a6 32. Rc8+ Kh7 33. Re8 Re6 34. Rxe6 fxe6 35. Kf3 Kg6 36. Ke4 Kf6 37. h4 g5 38. hxg5+ Kxg5 39. Kxe5 h5 40. Ke4 Kg4 41. f3+ Kg3 0-1

[Event "HUN-chT2 Breyer 1011"]
[Site "Hungary"]
[Date "2011.05.01"]
[Round "10.8"]
[White "Jasz, Peter"]
[Black "Torday, Balazs"]
[Result "0-1"]
[WhiteElo "1995"]
[BlackElo "2045"]
[PlyCount "98"]
[EventDate "2010.09.12"]
[EventType "team-tourn"]
[EventRounds "11"]
[EventCountry "HUN"]
[SourceTitle "EXT 2012"]
[Source "ChessBase"]
[SourceDate "2011.11.24"]
[SourceVersion "1"]
[SourceVersionDate "2011.11.24"]
[SourceQuality "1"]
[WhiteTeam "Szazhalombatta"]
[BlackTeam "Torokbalint"]
[WhiteTeamCountry "HUN"]
[BlackTeamCountry "HUN"]

1. e4 c5 2. Nf3 e6 3. d4 cxd4 4. Nxd4 a6 5. Nc3 Qc7 6. Be2 b5 7. 0-0 Bb7 8. Bf3 d6 9. Re1 Nd7 10. g3 Ngf6 11. a3 Be7 12. Bg2 0-0 13. f4 Nb6 14. e5 dxe5 15. fxe5 Nfd7 16. Bxb7 Qxb7 17. Qg4 Kh8 18. Qh5 Nc4 19. Nf3 g6 20. Qg4 Bc5+ 21. Kg2 Ndxe5 22. Qe4 Qxe4 23. Nxe4 Nxf3 24. Kxf3 Bd4 25. Rb1 Rac8 26. Re2 Rc6 27. Kg2 Rfc8 28. c3 Bg7 29. Bf4 Rd8 30. Ng5 Kg8 31. Nf3 Rd5 32. Rbe1 Kf8 33. Ne5 Bxe5 34. Bxe5 Ke7 35. Bf4 f6 36. Bc1 Ne5 37. Rf1 Nc4 38. Ref2 e5 39. b3 Na5 40. b4 Nc4 41. g4 Rd3 42. Rf3 Rcd6 43. Rxd3 Rxd3 44. Rf3 e4 45. Rh3 Rxh3 46. Kxh3 e3 47. Kg3 f5 48. h3 Ke6 49. Kf3 f4 0-1

[Event "HUN-chT2 Breyer 1011"]
[Site "Hungary"]
[Date "2011.04.10"]
[Round "8.9"]
[White "Torday, Balazs"]
[Black "Draga, Balazs"]
[Result "1/2-1/2"]
[WhiteElo "2045"]
[BlackElo "1877"]
[PlyCount "120"]
[EventDate "2010.09.12"]
[EventType "team-tourn"]
[EventRounds "11"]
[EventCountry "HUN"]
[SourceTitle "EXT 2012"]
[Source "ChessBase"]
[SourceDate "2011.11.24"]
[SourceVersion "1"]
[SourceVersionDate "2011.11.24"]
[SourceQuality "1"]
[WhiteTeam "Torokbalint"]
[BlackTeam "Zoltek"]
[WhiteTeamCountry "HUN"]
[BlackTeamCountry "HUN"]

1. d4 d5 2. c4 e6 3. Nc3 c6 4. cxd5 cxd5 5. Nf3 Nf6 6. Qc2 Nc6 7. Bg5 Be7 8. e3 0-0 9. a3 Bd7 10. Bd3 h6 11. Bh4 Rc8 12. 0-0 Nh5 13. Bxe7 Qxe7 14. b4 a6 15. Rfc1 Rc7 16. Na4 Qd6 17. Qc5 Qxc5 18. Nxc5 Rfc8 19. Rc2 Be8 20. Rac1 Nb8 21. Nxb7 Rxc2 22. Rxc2 Rxc2 23. Bxc2 Nf6 24. Ne5 Nfd7 25. Nxd7 Bxd7 26. Bd3 Kf8 27. Kf1 Ke7 28. Ke1 Bc8 29. Nc5 Kd6 30. Kd2 g5 31. Kc3 f6 32. Kb3 e5 33. dxe5+ fxe5 34. Ka4 Kc7 35. h3 h5 36. Be2 h4 37. Bf3 e4 38. Bg4 Bxg4 39. hxg4 Kd6 40. Ka5 Nc6+ 41. Kxa6 Ne5 42. Nb3 Nxg4 43. b5 Ne5 44. b6 g4 45. Nd4 h3 46. gxh3 gxh3 47. b7 Nd7 48. Ka7 h2 49. Nf5+ Ke5 50. Ng3 d4 51. exd4+ Kxd4 52. a4 Ke5 53. a5 Kf4 54. a6 e3 55. b8Q+ Nxb8 56. Kxb8 exf2 57. a7 f1Q 58. Nxf1 h1Q 59. a8Q Qxa8+ 60. Kxa8 Ke4 1/2-1/2

[Event "HUN-chT2 Breyer 1011"]
[Site "Hungary"]
[Date "2011.03.27"]
[Round "7.6"]
[White "Torday, Balazs"]
[Black "Zanaty, Zsolt"]
[Result "1-0"]
[WhiteElo "2045"]
[BlackElo "2194"]
[PlyCount "57"]
[EventDate "2010.09.12"]
[EventType "team-tourn"]
[EventRounds "11"]
[EventCountry "HUN"]
[SourceTitle "EXT 2012"]
[Source "ChessBase"]
[SourceDate "2011.11.24"]
[SourceVersion "1"]
[SourceVersionDate "2011.11.24"]
[SourceQuality "1"]
[WhiteTeam "Torokbalint"]
[BlackTeam "MAFC"]
[WhiteTeamCountry "HUN"]
[BlackTeamCountry "HUN"]

1. d4 Nf6 2. c4 c5 3. d5 e6 4. Nc3 exd5 5. cxd5 d6 6. e4 g6 7. h3 Bg7 8. Nf3 0-0 9. Bd3 a6 10. a4 b6 11. 0-0 Re8 12. Bf4 Qc7 13. Nd2 Nfd7 14. Nc4 Ne5 15. Bxe5 Bxe5 16. f4 Bd4+ 17. Kh1 Bb7 18. Qf3 Nd7 19. Rae1 Rab8 20. Qg3 Bxc3 21. bxc3 b5 22. axb5 axb5 23. Ne3 c4 24. Bb1 Kh8 25. Ng4 Ra8 26. Rf3 Qc5 27. Qh4 b4 28. f5 bxc3 29. fxg6 1-0